Logo CIB grande

ZOOTECNIA BASES DE PRODUCCION ANIMAL V. 7 (Registro nro. 222897)

Detalles MARC
000 -LEADER
campo de control de longitud fija 00904nam a2200265Ia 4500
005 - FECHA Y HORA DE LA ÚLTIMA TRANSACCIÓN
campo de control 20250425162128.0
008 - DATOS DE LONGITUD FIJA--INFORMACIÓN GENERAL
campo de control de longitud fija 250425s9999 xx 000 0 und d
020 ## - NÚMERO INTERNACIONAL ESTÁNDAR DEL LIBRO
Número Internacional Estándar del Libro 8471145979
041 ## - CÓDIGO DE IDIOMA
Código de lengua del texto/banda sonora o título independiente spa
082 ## - NÚMERO DE LA CLASIFICACIÓN DECIMAL DEWEY
Número de clasificación 636
010 ## - NÚMERO DE CONTROL DE LA BIBLIOTECA DEL CONGRESO
Número de control de LC 51697
100 ## - ENTRADA PRINCIPAL--NOMBRE DE PERSONA
Nombre de persona BUXADE CARBO, CARLOS
245 #0 - MENCIÓN DEL TÍTULO
Título ZOOTECNIA BASES DE PRODUCCION ANIMAL V. 7
250 ## - MENCION DE EDICION
Mención de edición 1A ED.
260 ## - PUBLICACIÓN, DISTRIBUCIÓN, ETC.
Lugar de publicación, distribución, etc. España
Nombre del editor, distribuidor, etc. MUNDI PRENSA
Fecha de publicación, distribución, etc. 1996
260 ## - PUBLICACIÓN, DISTRIBUCIÓN, ETC.
Lugar de publicación, distribución, etc. MADRID
300 ## - DESCRIPCIÓN FÍSICA
Extensión 342
500 ## - NOTA GENERAL
Nota general EN CIBGZ-FIMCP 50216 V.7 PARA ING. AGROP.
520 ## - RESUMEN, ETC.
Sumario, etc. EN EL AMBITO DEFINIDO POR LA ZOOTECNIA, ENTENDIDA COMO CIENCIA, LAS PRODUCCIONES ANIMALES, CONSIDERADAS COMO UN CONJUNTO DE CONOCIMIENTOS BIOLOGICOS, TECNICAS DE PRODUCCION Y SISTEMAS DE EXPLOTACION, APLICADOS CON LA INTENCION PRIMERA DE OBTENER, A TRAVE
650 ## - PUNTO DE ACCESO ADICIONAL DE MATERIA--TÉRMINO DE MATERIA
Término de materia o nombre geográfico como elemento de entrada CARNE-PRODUCCION
650 ## - PUNTO DE ACCESO ADICIONAL DE MATERIA--TÉRMINO DE MATERIA
Término de materia o nombre geográfico como elemento de entrada LECHE
650 ## - PUNTO DE ACCESO ADICIONAL DE MATERIA--TÉRMINO DE MATERIA
Término de materia o nombre geográfico como elemento de entrada PASTEURIZACION
650 ## - PUNTO DE ACCESO ADICIONAL DE MATERIA--TÉRMINO DE MATERIA
Término de materia o nombre geográfico como elemento de entrada PRODUCCION PORCINA
942 ## - ELEMENTOS DE ENTRADA SECUNDARIOS (KOHA)
Tipo de ítem Koha Libros
Existencias
Estatus retirado Estado de pérdida Estado de daño No para préstamo Biblioteca de origen Biblioteca actual Fecha de adquisición Coste, precio normal de compra Total de préstamos Código de barras Copia número
        FACULTAD DE INGENIERIA MECANICA Y CIENCIAS DE LA PRODUCCION FACULTAD DE INGENIERIA MECANICA Y CIENCIAS DE LA PRODUCCION 09/01/2004 54.00   50216 1

Copyright 2025 ESPOL. Todos los derechos reservados.